Регионална библиотека "Любен Каравелов" - Русе

Рейн-Сан: Без правила (Запис номер 508943)

MARC детайли
000 -Лидер
Контролно поле с фиксирана дължина 01132nam a2200277 a 4500
003 - Код на организацията, давaща контролен номер
Контролно поле BLK
005 - Дата и час на последна редакция
Контролно поле 20250721123305.0
008 - Елементи от данни с фиксирана дължина
fixed length control field 180411b bul|||||r ||||||| ||bul||
020 ## - Международен стандартен номер на книга ISBN
Международен стандартен номер на книга ISBN 9786190300809
040 ## - Източник на каталожния запис
Идентификатор на билиотеката - собственик на записа BLK
041 ## - Код за език
Код за езика на текст/звукозапис или на отделно заглавие Български
Код за езика КДБФ Български
080 ## - УДК
Текстов определител УДК Американска литература (на САЩ)
УДК код - определител по УДК 821.111(73)
УДК определител -312.4
УДК - код + определител 821.111(73)-312.4
100 1# - Редна дума - Автор
Автор Айслър, Бари
Авторска отговорност първи автор
R(LIN) 29823
139 ## - Редно поле
Редна дума Айслър, Бари
Авторски знак Аи - А 37
245 10 - Сведения за заглавието
Заглавие Рейн-Сан: Без правила
Подзаглавни данни Роман
Редно поле (дума) Бари Айслър ; прев. от англ. Иван Златарски
260 ## - Област на издателските данни
Име на издателя, разпространителя и проч. Бард
Година на издаване 2021
Място на издаване, разпространение и проч. София
300 ## - Физическа характеристика
Страници 448 с.
Размери/Мащаб 20 см
380 ## - Жанр
Жанр Худож. лит.
490 ## - СЕРИИ (Колекции)
Име на серия Кралете на трилъра
700 ## - Други автори (авторска отговорност)
Лично име Златарски, Иван Василев
Автороска отговорност (Описва отношението между автора и произведението) прев. от англ.
9 (RLIN) 242826
Друга информация Преводач от английски език (художествена литература), инженер
856 4# - Електронен адрес и достъп
Електронен формат pdf - файл
856 4# - Електронен адрес и достъп
Електронен формат pdf - файл
942 ## - АРТИКУЛИ
Вид на библиотечния материал Книги
Скрит в OPAC Не
Koha issues (borrowed), all copies 115
Периодичен библиозапис Да
944 ## - СЪЗДАВАНЕ И РЕДАКЦИЯ на ЗАПИСА
Дата на регистрацията/редакция Нора Радева
Служител, извършил регистрацията/редакцията 30535
Статус, дата на статуса Христина Везирева
999 ## - СИСТЕМНИ КОНТРОЛНИ НОМЕРА
Koha biblionumber 508943
Koha biblioitemnumber 508943
999 ## - СИСТЕМНИ КОНТРОЛНИ НОМЕРА
Koha biblioitemnumber 508943
Наличности
Код за отписване Код за изгубен артикул Източник на класификационната схема Код за повреда Код за отдаване Артикулен № Име на библиотеката - собственик Име на библиотеката, в която се намира в момента Статус (Текущо местоположение) Дата на вписване в системата Местоположение - отдел Цена в лева Инвентарен номер Систематично азбучна сигнатура Баркод Цена в евро Служебен тип на артикула
  Не е изгубен Universal Decimal Classification Не е повреден заемане за дома 942341 Регионална библиотека "Любен Каравелов" Русе Регионална библиотека "Любен Каравелов" Русе Заемна - подръчен фонд 2024-04-17 Заемна - подръчен фонд 13.59 120000901364 821-31/А 37 Б 120000901364 6.95 Книги
  Не е изгубен Universal Decimal Classification Не е повреден заемане за дома 942342 Регионална библиотека "Любен Каравелов" Русе Регионална библиотека "Любен Каравелов" Русе Заемна - подръчен фонд 2024-04-17 Заемна - подръчен фонд 13.59 120000901365 821-31/А 37 Б 120000901365 6.95 Книги
Vip Innovations Ltd, Rousse, Bulgaria 2025